STN ISO 13765-5: 2005 (72 6103), Žiaruvzdorné malty Časť 5 Stanovenie zrnitosti (sitová analýza)
Táto norma obsahuje slovenskú verziu ISO 13765-5: 2004
| Other Authors: | |
|---|---|
| Format: | Book |
| Language: | Slovak English |
| PhysicalDescription: | 8 s. 30 cm |
| Published: |
Bratislava
Slovenský ústav technickej normalizácie
2005
|
| Subjects: |
MARC
| LEADER | 00000nam a2200000 a 4500 | ||
|---|---|---|---|
| 001 | vtls008304407 | ||
| 003 | SK-MaSNL | ||
| 005 | 20260302074211.0 | ||
| 008 | 160624s2005 xo u 000 0 slo | ||
| 015 | |a SNBN2013 | ||
| 020 | |c (cen. skup. 8) | ||
| 040 | |a SNK |b slo |c SNK |e AACR2 | ||
| 041 | 1 | |a slo |h eng | |
| 044 | |a xo |c SK | ||
| 046 | |a s |m 200504 (účin.) | ||
| 072 | 7 | |a 620.1/.2 |x Náuka o materiáli |2 konspekt | |
| 072 | 7 | |a 666 |x Sklárstvo. Keramika. Cement |2 konspekt | |
| 080 | |a 620.2-027.267 |2 2001 | ||
| 080 | |a 006.7/.8 |2 2001 | ||
| 080 | |a (437.6) |2 2001 | ||
| 080 | |a (4) |2 2001 | ||
| 080 | |a 666.767 |2 2001 | ||
| 084 | |a 81.080 |2 ICS | ||
| 130 | 0 | |a STN 72 6103 (STN ISO 13765-5) |9 739530 | |
| 245 | 1 | 0 | |a STN ISO 13765-5: 2005 (72 6103), Žiaruvzdorné malty |n Časť 5 |p Stanovenie zrnitosti (sitová analýza) |
| 246 | 1 | 0 | |a Žiaruvzdorné malty |
| 246 | 1 | 0 | |a Stanovenie zrnitosti (sitová analýza) |
| 260 | |a Bratislava |b Slovenský ústav technickej normalizácie |c 2005 | ||
| 300 | |a 8 s. |c 30 cm | ||
| 500 | |a Súbežný názov v angličtine, francúzštine, nemčine | ||
| 500 | |a Spracovateľ: František Tomšů | ||
| 504 | |a Citované normy | ||
| 520 | 8 | |a Táto norma obsahuje slovenskú verziu ISO 13765-5: 2004 | |
| 540 | |a STN vydané na akomkoľvek nosiči sa môžu rozmnožovať a rozširovať iba so súhlasom určenej právnickej osoby |b SÚTN Bratislava |c zákon 264/1999 Z. z. | ||
| 650 | 0 | 7 | |a žiaruvzdorné materiály |2 SNKPH |9 1040 |
| 650 | 0 | 7 | |a technické normy a štandardy |z Slovensko |2 SNKPH |9 79594 |
| 650 | 0 | 7 | |a technické normy a štandardy |z krajiny Európskej únie |2 SNKPH |9 289341 |
| 650 | 0 | 7 | |a Refractory materials |2 SNKPHeng |9 97832 |
| 655 | 7 | |a normy |2 SNKPH |9 70643 | |
| 700 | 1 | |a Tomšů, František |4 trl |9 314408 | |
| 710 | 2 | |a Slovenský ústav technickej normalizácie (Bratislava, Slovensko). |b Technická komisia č. 12 Žiaruvzdorné materiály |4 stn |9 321644 | |
| 958 | |a NB | ||
| 958 | |a OP | ||
| 999 | |c 1164089 |d 1166019 | ||
| 952 | |a SNK |b SNK |y PREZ |7 0 |p 17A0455726 |o snkSTN ISO 13765-5 |i snk2005/17494 |8 0 |0 0 |1 0 |4 0 |d 2005-10-21 |l 0 |r 2026-02-24 20:43:46 |w 2026-02-24 | ||
| 952 | |a SNK |b SNK |y PREZ |7 0 |p 17A0455727 |o snkSTN ISO 13765-5 D1 |i snk2005/17495 |8 0 |0 0 |1 0 |4 0 |d 2005-10-21 |l 0 |r 2026-02-24 20:43:46 |w 2026-02-24 | ||


